• 首页
  • 本馆介绍
  • 公告通知
  • 最新文献
  • 馆藏检索
  • 电子资源
  • 读者导购
  • 参考咨询
  • 我的图书馆
  • 登录
  • 详细信息显示
  • 放入我的书架
  • 预约/预借图书
  • 作者相关作品
  • 分类相关作品
  • 丛书相关作品
  • 出版社相关作品

书目信息

  • 表格格式
  • 工作单格式
  • 卡片格式
题名:
电子工业技术词典
    
 
作者: ;《电子工业技术词典》编辑委员会 编
分册:   显示技术
出版信息: 北京   国防工业出版社  1977
页数: 20页
开本: 26cm
丛书名:
单 册:
中图分类: TN-61
科图分类:
主题词: 电子工业--技术--词典
电子资源:
ISBN:
000 00736nam0 2200217 45
001 0177003141
005 20060525101630.93
010    @dCNY0.21
100    @a19951011d1977 em y0chiy0121 ea
101 0  @achi
102    @aCN@b110000
105    @ay e 000yy
200 10 @a电子工业技术词典@Adian zi gong ye ji shu ci dian@i显示技术@f《电子工业技术词典》编辑委员会编@F《dian zi gong ye ji shu ci dian》bian ji wei yuan hui bian
210    @a北京@c国防工业出版社@d1977
215    @a20页@d26cm
606    @a电子工业@x技术@x词典
690    @aTN-61@v3 
711  0 @a《电子工业技术词典》编辑委员会@A《dian zi gong ye ji shu ci dian》bian ji wei yuan hui@4编
801  2 @aCN@bNLC@c20060525
801  0 @aCN@bTSSF
905    @a10447@dTN-61@e27
    
    电子工业技术词典.显示技术/《电子工业技术词典》编辑委员会编.-北京:国防工业出版社,1977
    20页;26cm
    
    
    ISBN :CNY0.21
    
●
相关链接 在E读中查询图书 在五车中查询图书 在当当中查询图书 在豆瓣中查询图书


正题名:电子工业技术词典     索取号:TN-61/27         预约/预借

序号 登录号 条形码 馆藏地/架位号 状态 备注
1 0009246   202382974   密集书库/ [索取号:TN-61/27] 在馆    
2 0009247   202383018   密集书库/ [索取号:TN-61/27] 在馆    
3 0009248   202383054   密集书库/ [索取号:TN-61/27] 在馆    
唐山师范学院图书馆 欢迎您!
大连网信软件有限公司© 版权所有